Revelation: (Record no. 4404)

MARC details
000 -LEADER
fixed length control field 00531nam a22001817a 4500
003 - CONTROL NUMBER IDENTIFIER
control field GBCCL
005 - DATE AND TIME OF LATEST TRANSACTION
control field 20241126110517.0
008 - FIXED-LENGTH DATA ELEMENTS--GENERAL INFORMATION
fixed length control field 180119b xxu||||| |||| 00| 0 eng d
020 ## - INTERNATIONAL STANDARD BOOK NUMBER
International Standard Book Number 0805413634
040 ## - CATALOGING SOURCE
Transcribing agency gbc
082 ## - DEWEY DECIMAL CLASSIFICATION NUMBER
Classification number 228.06
Item number BEA
100 ## - MAIN ENTRY--PERSONAL NAME
Personal name Beasley-Murray, G.R.
9 (RLIN) 8264
245 ## - TITLE STATEMENT
Title Revelation:
Remainder of title Three Viewpoints /
Statement of responsibility, etc. G.R. Beasley-Murray, Et.al.
260 ## - PUBLICATION, DISTRIBUTION, ETC.
Name of publisher, distributor, etc. Broadman Press,
Place of publication, distribution, etc. Nashville:
Date of publication, distribution, etc. 1977
300 ## - PHYSICAL DESCRIPTION
Extent 248 p.;
Dimensions 21 cm.
650 ## - SUBJECT ADDED ENTRY--TOPICAL TERM
Topical term or geographic name entry element Bible
Form subdivision Revelation
-- Criticism, Interpretation, etc.
9 (RLIN) 8265
942 ## - ADDED ENTRY ELEMENTS (KOHA)
Source of classification or shelving scheme Dewey Decimal Classification
Koha item type Books
Koha issues (borrowed), all copies 7
Holdings
Withdrawn status Lost status Source of classification or shelving scheme Damaged status Not for loan Home library Current Library Shelving location Date acquired Total checkouts Total renewals Full call number Barcode Date last seen Date last checked out Copy number Price effective from Koha item type
    Dewey Decimal Classification     GRACE BIBLE COLLEGE GRACE BIBLE COLLEGE Biblical Studies 2018-01-19 10 2 228.06 BEA 007390 2026-02-26 2026-02-19 c.1 2018-01-19 Books
© Grace Bible College Library 2025